NBA General Knowledge Quiz #3 - Statistics

General Stats
  • This quiz has been taken 43 times
  • The average score is 9 of 15
Answer Stats
Hint Answer % Correct
Who holds the record for most threes ever made in one game?(14) Klay Thompson
88%
What team did the Minnesota Timberwolves beat in the first round of the 2025 NBA playoffs? Los Angeles Lakers
80%
Who is the 3rd all-time leading scorer in NBA History? Karl Malone
75%
Which team has the second longest winning streak in NBA history?(27 games) Miami Heat
75%
Who scored 73 points in one game in January 2024? Luka Doncic
73%
What team lost the 2017 NBA Eastern Conference Finals? Boston Celtics
70%
What team lost the 2012 NBA Finals? Oklahoma City Thunder
68%
Who finished 2nd in the 2005 MVP voting? (Steve Nash won) Shaquille O'Neal
68%
What team won the 2006 Western Conference Finals? Dallas Mavericks
65%
What team did the Warriors beat in the 2019 Western Conference Finals? Portland Trail Blazers
63%
Who won the 1980 NBA finals MVP? Magic Johnson
60%
What team did the Boston Celtics beat in the first round of the 2022 NBA playoffs? Brooklyn Nets
43%
Who coached the Golden State Warriors before Steve Kerr? Mark Jackson
33%
EXACTLY how many points a game did Kobe Bryant average in the 2005-2006 NBA season? 35.4
30%
Who won the 2014 NBA all-star game MVP? Kyrie Irving
30%
No matching quizzes found
Score Distribution
Percent of People with Each Score
Percentile by Number Answered
Your Score History
You have not taken this quiz